Online Catalogue and eLibrary

Rukmani devi niliya gayikawa ha janapriya sanskruthiya (Record no. 5296)

MARC details
000 -LEADER
fixed length control field 00418nam a2200145Ia 4500
005 - DATE AND TIME OF LATEST TRANSACTION
control field 20250703020808.0
008 - FIXED-LENGTH DATA ELEMENTS--GENERAL INFORMATION
fixed length control field 240331s9999 xx 000 0 und d
082 ## - DDC Classification
Item Number - Author Mark MIH
Class No. 920
100 ## - MAIN ENTRY--PERSONAL NAME
Personal name Mihindukula,S
245 #0 - TITLE STATEMENT
Title Rukmani devi niliya gayikawa ha janapriya sanskruthiya
260 ## - PUBLICATION, DISTRIBUTION, ETC.
Place of publication, distribution, etc. Sri Lanka
Name of publisher, distributor, etc. Suraji Publishers
Date of publication, distribution, etc. 1989
300 ## - PHYSICAL DESCRIPTION
Extent (e.g. Volumes, Pages etc.) 48 p .,
500 ## - GENERAL NOTE
General note Rukmani Devi Actress Singer and Popular Culture
942 ## - Koha item type (Biblio)
Koha item type Books in Stacks (Lending)
Holdings
Lost status Damaged status Collection code Home library Current library Shelving location Date acquired Full call number Accession Number Item type
    Lending WERC Library WERC Library Social Science Cupboard 03/31/2024 920 MIH 3422 Books in Stacks (Lending)

© WERC Library